[Event "Penang op 7th"]
[Site "Penang"]
[Date "2015.12.09"]
[Round "4"]
[White "Isha, Sharma"]
[Black "Kamarunsalehin, Awangku"]
[Result "1-0"]
[WhiteElo "1798"]
[BlackElo "1985"]
[PlyCount "45"]
[EventDate "2015.12.07"]
[EventType "swiss"]
[EventRounds "9"]
[EventCountry "MAS"]
[SourceTitle "CBM 169 Extra"]
[Source "ChessBase"]
[SourceDate "2015.12.18"]
[SourceVersion "1"]
[SourceVersionDate "2015.12.18"]
[SourceQuality "1"]

1. e4 d6 2. d4 Nf6 3. Bc4 Nxe4 4. Bxf7+ Kxf7 5. Qh5+ g6 6. Qd5+ e6 7. Qxe4 Bg7 8. Nf3 Re8 9. h4 Qf6 10. h5 Qf5 11. Qe2 Kg8 12. Nc3 Bd7 13. Be3 b5 14. Nh4 Qf7 15. Nxb5 Bxb5 16. Qxb5 e5 17. hxg6 hxg6 18. dxe5 Bxe5 19. 0-0-0 Nd7 20. Nxg6 Qxg6 21. Qxd7 Rab8 22. Bd4 Red8 23. Qh3 1-0

[Event "Penang op 7th"]
[Site "Penang"]
[Date "2015.12.08"]
[Round "3"]
[White "Kamarunsalehin, Awangku"]
[Black "Saumy, Zainab"]
[Result "1-0"]
[WhiteElo "1985"]
[BlackElo "1624"]
[PlyCount "100"]
[EventDate "2015.12.07"]
[EventType "swiss"]
[EventRounds "9"]
[EventCountry "MAS"]
[SourceTitle "CBM 169 Extra"]
[Source "ChessBase"]
[SourceDate "2015.12.18"]
[SourceVersion "1"]
[SourceVersionDate "2015.12.18"]
[SourceQuality "1"]

1. d4 d5 2. c4 e6 3. Nc3 c6 4. e3 Bd6 5. Nf3 f5 6. Bd3 Nf6 7. 0-0 0-0 8. b3 Ne4 9. Bb2 Nd7 10. Rc1 Qe8 11. Ne2 Rf6 12. Ne5 Rh6 13. Ng3 Ndf6 14. f3 Nxg3 15. hxg3 Bxe5 16. dxe5 Nh5 17. Kf2 g5 18. Rh1 Qf8 19. f4 g4 20. Qc2 Bd7 21. Rh4 Rd8 22. Rch1 Be8 23. cxd5 cxd5 24. Qc7 Rd7 25. Qc8 Qe7 26. Ba3 Qd8 27. Qxd8 Rxd8 28. Be7 Rc8 29. Bg5 Kg7 30. Bxh6+ Kxh6 31. Ke2 a5 32. Kd2 b6 33. Bb5 Bf7 34. Bd7 Rf8 35. Bxe6 Bg6 36. Kd3 b5 37. Kd4 a4 38. Kc5 axb3 39. axb3 Be8 40. Bd7 Bg6 41. e6 Rd8 42. Rxh5+ Bxh5 43. Rxh5+ Kxh5 44. e7 Rb8 45. e8Q+ Rxe8 46. Bxe8+ Kh6 47. Bxb5 Kg6 48. Kxd5 h5 49. Ke5 h4 50. gxh4 g3 1-0

[Event "Sharjah op"]
[Site "Sharjah"]
[Date "2014.11.22"]
[Round "8"]
[White "Noroozi, Omid"]
[Black "Kamarunsalehin, Awangku"]
[Result "1-0"]
[WhiteElo "2371"]
[BlackElo "1985"]
[PlyCount "101"]
[EventDate "2014.11.15"]
[EventType "swiss"]
[EventRounds "9"]
[EventCountry "UAE"]
[SourceTitle "CBM 163 Extra"]
[Source "ChessBase"]
[SourceDate "2014.12.23"]
[SourceVersion "1"]
[SourceVersionDate "2014.12.23"]
[SourceQuality "1"]

1. c4 Nf6 2. Nc3 c5 3. Nf3 g6 4. e4 d6 5. d4 cxd4 6. Nxd4 Nc6 7. Be2 Nxd4 8. Qxd4 Bg7 9. 0-0 0-0 10. Bg5 Qa5 11. Qd2 Be6 12. Rac1 Rfc8 13. b3 a6 14. f4 Rc5 15. Rb1 Qb4 16. Qc1 Ra5 17. Kh1 Rc8 18. a4 d5 19. f5 gxf5 20. exf5 Bd7 21. Bd2 dxc4 22. Nd5 Qc5 23. Nxf6+ Bxf6 24. Bxa5 Qxa5 25. bxc4 Bxf5 26. Rxb7 Be4 27. Rd7 Qxa4 28. Qd2 Qc6 29. Rg1 Rb8 30. Bf3 Qxc4 31. Qf4 Rb4 32. Qh6 Rb8 33. Rgd1 Re8 34. Qf4 Bd3 35. Qh6 Bg7 36. Qe3 Bg6 37. Rxe7 Rxe7 38. Qxe7 h6 39. Bd5 Qb5 40. Be4 Qg5 41. Qxg5 hxg5 42. Bxg6 fxg6 43. Rd6 Kf7 44. Rxa6 Be5 45. g3 Bb8 46. Kg2 Kg7 47. Kf3 Kh6 48. Kg4 Bc7 49. h4 Bd8 50. h5 Kh7 51. Rxg6 1-0

[Event "Sharjah op"]
[Site "Sharjah"]
[Date "2014.11.16"]
[Round "2"]
[White "Kamarunsalehin, Awangku"]
[Black "Tamim, Ahmad Mehrad"]
[Result "1/2-1/2"]
[WhiteElo "1985"]
[BlackElo "1827"]
[PlyCount "100"]
[EventDate "2014.11.15"]
[EventType "swiss"]
[EventRounds "9"]
[EventCountry "UAE"]
[SourceTitle "CBM 163 Extra"]
[Source "ChessBase"]
[SourceDate "2014.12.23"]
[SourceVersion "1"]
[SourceVersionDate "2014.12.23"]
[SourceQuality "1"]

1. d4 Nf6 2. c4 e6 3. Nc3 d5 4. cxd5 exd5 5. Bg5 Be7 6. Qc2 c6 7. e3 h6 8. Bh4 Ne4 9. Bxe7 Qxe7 10. Nxd5 cxd5 11. Qxc8+ Qd8 12. Bb5+ Nc6 13. Bxc6+ bxc6 14. Qxc6+ Kf8 15. Ne2 Rc8 16. Qa6 g5 17. 0-0 Qd7 18. Ng3 Nxg3 19. hxg3 Kg7 20. Rac1 Rxc1 21. Rxc1 Rb8 22. b3 Rb6 23. Qc8 Qb5 24. Qc5 Qd7 25. Qc7 Qb5 26. Qxa7 Rc6 27. Rxc6 Qxc6 28. Qc5 Qe6 29. Qc2 Qa6 30. b4 Qb5 31. Qb1 f5 32. a4 Qxa4 33. b5 Qa7 34. b6 Qb7 35. Qb5 Kf6 36. Qa5 Qc6 37. Qc5 Qa4 38. Qd6+ Kg7 39. Qe7+ Kg6 40. Kh2 f4 41. gxf4 Qc2 42. fxg5 hxg5 43. Qe6+ Kg7 44. Qd7+ Kg6 45. Kg3 Qe4 46. b7 Qh4+ 47. Kf3 Qe4+ 48. Ke2 Qc2+ 49. Ke1 Qc1+ 50. Ke2 Qc2+ 1/2-1/2

[Event "Kuala Lumpur op"]
[Site "Kuala Lumpur"]
[Date "2014.04.07"]
[Round "4"]
[White "Das, Arghyadip"]
[Black "Kamarunsalehin, Awangku"]
[Result "1-0"]
[WhiteElo "2460"]
[BlackElo "1946"]
[PlyCount "39"]
[EventDate "2014.04.04"]
[EventType "swiss"]
[EventRounds "9"]
[EventCountry "MAS"]
[SourceTitle "EXT 2015"]
[Source "ChessBase"]
[SourceDate "2014.11.20"]
[SourceVersion "1"]
[SourceVersionDate "2014.11.20"]
[SourceQuality "1"]

1. e4 c6 2. d4 d5 3. e5 Bf5 4. Nd2 e6 5. Nb3 Nd7 6. Nf3 Ne7 7. Be2 c5 8. c3 Nc6 9. 0-0 Be7 10. Be3 c4 11. Nbd2 b5 12. a3 a5 13. Ne1 g5 14. f4 gxf4 15. Bxf4 Qb6 16. Kh1 0-0-0 17. b3 Qa7 18. a4 bxa4 19. bxc4 dxc4 20. Qxa4 1-0

[Event "Penang op-A 5th"]
[Site "Penang"]
[Date "2013.12.11"]
[Round "4"]
[White "Greenwood, Martin"]
[Black "Kamarunsalehin, Awangku"]
[Result "0-1"]
[WhiteElo "1599"]
[BlackElo "1902"]
[PlyCount "52"]
[EventDate "2013.12.09"]
[EventType "swiss"]
[EventRounds "9"]
[EventCountry "MAS"]
[SourceTitle "CBM 157 Extra"]
[Source "ChessBase"]
[SourceDate "2013.12.19"]
[SourceVersion "1"]
[SourceVersionDate "2013.12.19"]
[SourceQuality "1"]

1. e4 c6 2. d4 d5 3. Nc3 dxe4 4. Nxe4 Bf5 5. Ng3 Bg6 6. Nf3 Nd7 7. h4 h6 8. Bd3 Bxd3 9. Qxd3 e6 10. Bf4 Ngf6 11. h5 Be7 12. 0-0-0 0-0 13. Qe2 Qa5 14. Kb1 Rfd8 15. Ne5 Bf8 16. Ne4 Nxe4 17. Qxe4 Qb6 18. Nxd7 Rxd7 19. Rh3 Rad8 20. Rhd3 Qb5 21. Rb3 Qxh5 22. Rbd3 Be7 23. g3 Bf6 24. Rh1 Qd5 25. Qxd5 Rxd5 26. Be3 Bxd4 0-1

[Event "Asia Cities-ch 18th"]
[Site "Tagaytay City"]
[Date "2013.10.21"]
[Round "3.2"]
[White "Kamarunsalehin, Awangku"]
[Black "Espiritu, Onofre"]
[Result "1/2-1/2"]
[WhiteElo "1882"]
[BlackElo "2332"]
[PlyCount "71"]
[EventDate "2013.10.20"]
[EventType "team-swiss"]
[EventRounds "9"]
[EventCountry "PHI"]
[SourceTitle "EXT 2014"]
[Source "ChessBase"]
[SourceDate "2013.11.20"]
[SourceVersion "1"]
[SourceVersionDate "2013.11.20"]
[SourceQuality "1"]
[WhiteTeam "Begawan"]
[BlackTeam "Pasay City"]
[WhiteTeamCountry "BRN"]
[BlackTeamCountry "PHI"]

1. d4 Nf6 2. c4 g6 3. f3 d5 4. cxd5 Nxd5 5. e4 Nb6 6. Nc3 Bg7 7. Be3 Nc6 8. Bb5 0-0 9. Nge2 Na5 10. b3 a6 11. Bd3 Nc6 12. d5 Ne5 13. Rc1 c6 14. Bb1 cxd5 15. Nxd5 Nxd5 16. Qxd5 Qxd5 17. exd5 Rd8 18. 0-0 Rxd5 19. Rc7 Nc6 20. Be4 Rd7 21. Rxc6 bxc6 22. Bxc6 Rb8 23. Bxd7 Bxd7 24. Rc1 Rb7 25. Nf4 f5 26. Nd5 Kf7 27. Rc7 Rxc7 28. Nxc7 Bc8 29. b4 Be5 30. Bb6 Bd6 31. b5 Bxc7 32. Bxc7 axb5 33. a3 g5 34. g3 h5 35. f4 Kf6 36. Kf2 1/2-1/2

[Event "Asia Cities-ch 18th"]
[Site "Tagaytay City"]
[Date "2013.10.21"]
[Round "2.2"]
[White "Kamarunsalehin, Awangku"]
[Black "Liu, Yeh Yang"]
[Result "1/2-1/2"]
[WhiteElo "1882"]
[BlackElo "1892"]
[PlyCount "161"]
[EventDate "2013.10.20"]
[EventType "team-swiss"]
[EventRounds "9"]
[EventCountry "PHI"]
[SourceTitle "EXT 2014"]
[Source "ChessBase"]
[SourceDate "2013.11.20"]
[SourceVersion "1"]
[SourceVersionDate "2013.11.20"]
[SourceQuality "1"]
[WhiteTeam "Begawan"]
[BlackTeam "Chinese Taipei"]
[WhiteTeamCountry "BRN"]
[BlackTeamCountry "TPE"]

1. d4 c5 2. d5 Nf6 3. Nc3 e6 4. e4 d6 5. dxe6 Bxe6 6. Nge2 Nc6 7. Nf4 Be7 8. Be2 0-0 9. 0-0 Nd4 10. Be3 Nxe2+ 11. Qxe2 Bd7 12. f3 Bc6 13. Rfd1 Qb6 14. b3 Rad8 15. Ncd5 Nxd5 16. Nxd5 Bxd5 17. Rxd5 Qa5 18. a4 a6 19. Rad1 Qc3 20. Qd3 Qf6 21. Qd2 Qe6 22. Bf4 Bf6 23. Kf1 Bd4 24. Be3 Bxe3 25. Qxe3 f5 26. e5 Rde8 27. f4 dxe5 28. Rxe5 Qc8 29. Qxc5 Rxe5 30. Qxc8 Rxc8 31. fxe5 Rxc2 32. Rd7 b5 33. axb5 axb5 34. e6 Rc8 35. e7 Re8 36. Ke2 Kf7 37. Kd3 Rxe7 38. Rd5 Kf6 39. Rxb5 f4 40. Rd5 g5 41. b4 g4 42. Rd8 Re3+ 43. Kd2 Rb3 44. Rd4 Ke5 45. Rc4 Rb2+ 46. Rc2 Rxb4 47. Ke2 Rb5 48. Kf2 h5 49. Re2+ Kd4 50. Rd2+ Ke4 51. Re2+ Kd3 52. Ra2 Rc5 53. Ra3+ Rc3 54. Ra4 Rc2+ 55. Kf1 f3 56. Ra3+ Ke4 57. Ra4+ Ke3 58. Ra3+ Kf4 59. Ra4+ Ke3 60. Ra3+ Ke4 61. Ra4+ Kd3 62. Ra3+ Kd4 63. gxf3 Rxh2 64. Ra4+ Ke3 65. fxg4 hxg4 66. Ra3+ Kf4 67. Ra4+ Kg3 68. Ra3+ Kh4 69. Kg1 Rb2 70. Ra4 Rb3 71. Kh2 Rb2+ 72. Kg1 Kh3 73. Ra3+ g3 74. Ra1 Rb3 75. Re1 Ra3 76. Rb1 Rd3 77. Ra1 Rc3 78. Rb1 Kg4 79. Ra1 Kf3 80. Rf1+ Kg4 81. Rf8 1/2-1/2